Výrazné organizačné a obsahové zmeny Poslanci VS KNV o príprave mládeže na robotnícke povolania

Bibliographic Details
Main Author: (pl) (Author)
Format: Article
Language:Slovak
Subjects:

MARC

LEADER 00000nab a2200000 a 4500
001 vtls000148495
003 SK-MaSNL
005 20260302205932.0
008 111104c1983 xo 0 slo
015 |a SNBRB19rr/mm-uuuuu 
035 |a CL0158602 
040 |a SNKBUCL  |b slo  |c SNKBUCL  |e AACR2 
041 0 |a slo 
044 |a xo  |c SK 
080 |a 353  |2 1981 
100 1 |a (pl)  |4 aut  |9 893749 
245 1 0 |a Výrazné organizačné a obsahové zmeny  |b Poslanci VS KNV o príprave mládeže na robotnícke povolania  |c (pl) 
650 0 7 |a výbory národné krajské  |2 snkbucl  |9 921743 
651 7 |a 5403  |2 snkbucl  |9 893808 
655 7 |a články z novín a časopisov  |2 snkbucl  |9 267496 
773 0 |t Východoslovenské noviny  |g Roč. 32, č. 94 (22. 4. 1983), s. 1-2 
850 |a Slovenská národná knižnica v Martine  |a MTA001 
852 |a SNK  |b KIS3GCP 
958 |a RK 
992 |a RBX 
999 |c 1480149  |d 1482079